| 000 | 01179nam a22003491i 4500 | ||
|---|---|---|---|
| 999 |
_c1443 _d1443 |
||
| 001 | 017443951 | ||
| 003 | Uk | ||
| 005 | 20221229152402.0 | ||
| 008 | 150709s2015 nyua j 000|0|eng|d | ||
| 015 |
_aGBB593558 _2bnb |
||
| 016 | 7 |
_a017443951 _2Uk |
|
| 020 | _a9780062381958 (pbk.) : | ||
| 040 |
_aStDuBDS _beng _cStDuBDS _dUk _dKH8 _erda |
||
| 042 | _aukblsr | ||
| 082 | 0 | 4 |
_a530.4 ZOE _223 |
| 100 | 1 |
_aZoehfeld, Kathleen Weidner, _eauthor. |
|
| 245 | 1 | 0 |
_aWhat is the world made of? : _ball about solids, liquids, and gases / _cKathleen Weidner Zoehfeld ; illustrated by Paul Meisel. |
| 250 | _aRevised edition. | ||
| 264 | 1 |
_aNew York : _bHarperCollins Children's Books, _c2015. |
|
| 300 |
_a32 pages : _billustrations (colour) ; _c21 x 26 cm. |
||
| 336 |
_atext _2rdacontent |
||
| 336 |
_astill image _2rdacontent |
||
| 337 |
_aunmediated _2rdamedia |
||
| 338 |
_avolume _2rdacarrier |
||
| 490 | 0 | _aLet's-read-and-find-out science. Level 2 | |
| 500 |
_aFormerly CIP. _5Uk |
||
| 650 | 0 |
_aSolids _xJuvenile literature. |
|
| 650 | 0 |
_aLiquids _xJuvenile literature. |
|
| 650 | 0 |
_aGases _xJuvenile literature. |
|
| 700 | 1 |
_aMeisel, Paul, _eillustrator. |
|
| 942 |
_2ddc _cNFIC |
||